[Event "Llinars del Valles op-B 13th"]
[Site "Llinars del Valles"]
[Date "2019.06.01"]
[Round "6"]
[White "Casas Vinas, Arthur"]
[Black "Lazaro Valls, Xavier"]
[Result "1-0"]
[WhiteElo "1329"]
[BlackElo "1510"]
[PlyCount "73"]
[EventDate "2019.03.30"]
[EventType "swiss"]
[EventRounds "8"]
[EventCountry "ESP"]
[SourceTitle "EXT 2020"]
[Source "ChessBase"]
[SourceDate "2019.10.17"]
[SourceVersion "1"]
[SourceVersionDate "2019.10.17"]
[SourceQuality "1"]

1. e4 c5 2. Nc3 Nc6 3. g3 Nf6 4. Bg2 g6 5. d3 Bg7 6. Be3 d6 7. Qd2 0-0 8. Bh6 e6 9. Bxg7 Kxg7 10. f4 d5 11. e5 Ne8 12. Nf3 Nd4 13. Nxd4 cxd4 14. Na4 b6 15. Qb4 Qc7 16. Rc1 Bd7 17. Qxd4 Bxa4 18. Qxa4 Qc5 19. d4 Qa5+ 20. Qxa5 bxa5 21. 0-0 Nc7 22. c4 Rab8 23. cxd5 Nxd5 24. Bxd5 exd5 25. b3 Rfc8 26. Rc5 Rxc5 27. dxc5 Rc8 28. Rc1 Kf8 29. c6 Ke7 30. Kf2 f6 31. Ke3 fxe5 32. fxe5 Ke6 33. Kd4 h5 34. c7 g5 35. h3 g4 36. h4 a6 37. Rc6+ 1-0

[Event "Llinars del Valles op-B 13th"]
[Site "Llinars del Valles"]
[Date "2019.05.18"]
[Round "5"]
[White "Lazaro Valls, Xavier"]
[Black "Espada Espanol, Tura"]
[Result "1-0"]
[WhiteElo "1510"]
[BlackElo "1357"]
[PlyCount "115"]
[EventDate "2019.03.30"]
[EventType "swiss"]
[EventRounds "8"]
[EventCountry "ESP"]
[SourceTitle "EXT 2020"]
[Source "ChessBase"]
[SourceDate "2019.10.17"]
[SourceVersion "1"]
[SourceVersionDate "2019.10.17"]
[SourceQuality "1"]

1. e4 e6 2. Nf3 d5 3. exd5 exd5 4. Be2 Bd6 5. 0-0 Ne7 6. b3 Nbc6 7. Bb2 Rg8 8. Re1 Bf5 9. Bd3 Qd7 10. Nc3 Nb4 11. Nb5 Bxd3 12. Nxd6+ Qxd6 13. Be5 Bxc2 14. Bxd6 Bxd1 15. Rxe7+ Kd8 16. Bxb4 Bxf3 17. gxf3 b6 18. Rae1 f5 19. R7e5 c5 20. Rxd5+ Kc7 21. Bc3 Raf8 22. Re7+ Kc6 23. Rdd7 g5 24. Rxh7 f4 25. h3 Re8 26. Rc7+ Kd6 27. Rhd7+ Ke6 28. Rxa7 Rg6 29. Rg7 Rh6 30. Kg2 Kf5 31. Raf7+ Ke6 32. Rb7 Kf5 33. Rgf7+ Kg6 34. Rf6+ Kh5 35. Rbxb6 Reh8 36. Rxh6+ Rxh6 37. Rxh6+ Kxh6 38. d4 cxd4 39. Bxd4 Kg6 40. a4 Kf5 41. a5 Ke6 42. a6 Kd5 43. Ba7 Kc6 44. Bb8 Kb6 45. a7 Kb7 46. h4 gxh4 47. Kh3 Ka8 48. Kxh4 Kb7 49. Kg4 Ka8 50. Kxf4 Kb7 51. Ke4 Ka8 52. f4 Kb7 53. f5 Ka8 54. f6 Kb7 55. f7 Ka8 56. f8Q Kb7 57. Qf7+ Ka8 58. Qd5# 1-0

[Event "Roncana op-B 12th"]
[Site "Santa Eulalia de Roncana"]
[Date "2018.11.03"]
[Round "5"]
[White "Lazaro Valls, Xavier"]
[Black "Gomez Sanchez, Javier"]
[Result "1-0"]
[WhiteElo "1546"]
[BlackElo "1419"]
[PlyCount "114"]
[EventDate "2018.09.29"]
[EventType "swiss"]
[EventRounds "8"]
[EventCountry "ESP"]
[SourceTitle "EXT 2022"]
[Source "ChessBase"]
[SourceDate "2021.10.06"]
[SourceVersion "1"]
[SourceVersionDate "2021.10.06"]
[SourceQuality "1"]

1. e4 e6 2. Nf3 d5 3. exd5 exd5 4. d4 Bg4 5. Be2 Nf6 6. 0-0 Bd6 7. Nc3 c6 8. Re1 0-0 9. Bg5 Nbd7 10. h3 Bh5 11. Nh4 Bxe2 12. Rxe2 Qc7 13. Nf5 Bb4 14. Ng3 h6 15. Bd2 Nb6 16. Nb5 cxb5 17. Bxb4 Rfe8 18. Nf5 Qf4 19. Ne7+ Kh8 20. Qd2 Qxd2 21. Bxd2 Ne4 22. Bb4 a5 23. Bc5 Nd7 24. Nxd5 Nexc5 25. Rxe8+ Rxe8 26. dxc5 Nxc5 27. Kf1 Ne4 28. Rd1 Rd8 29. Ke2 Rc8 30. c3 f5 31. Ne7 Re8 32. Rd7 Nf6 33. Rxb7 Nd5 34. Rxb5 Rxe7+ 35. Kf3 a4 36. Rxd5 Rb7 37. Rd2 Kg8 38. c4 Rc7 39. b3 axb3 40. axb3 g5 41. Rd5 f4 42. c5 Kf7 43. b4 Rb7 44. Rd4 Ke6 45. Ke4 h5 46. Rd6+ Ke7 47. Rd4 Ke6 48. c6 Rc7 49. b5 Rc8 50. Rd5 Kf6 51. Rd6+ Ke7 52. Ke5 Ra8 53. Rd7+ Ke8 54. Ke6 Ra2 55. Rg7 Re2+ 56. Kf6 Kd8 57. b6 Rc2 1-0

[Event "Llinars del Valles op-B 10th"]
[Site "Llinars del Valles"]
[Date "2016.05.07"]
[Round "6"]
[White "Lazaro Valls, Xavier"]
[Black "Delgado Prada, Benjamin"]
[Result "0-1"]
[WhiteElo "1581"]
[BlackElo "1746"]
[PlyCount "76"]
[EventDate "2016.04.02"]
[EventType "swiss"]
[EventRounds "9"]
[EventCountry "ESP"]
[SourceTitle "CBM 172 Extra"]
[Source "ChessBase"]
[SourceDate "2016.06.21"]
[SourceVersion "1"]
[SourceVersionDate "2016.06.21"]
[SourceQuality "1"]

1. e4 e6 2. c4 c5 3. Nc3 g6 4. d4 b6 5. Nf3 Bg7 6. Be3 cxd4 7. Bxd4 f6 8. Nb5 Ne7 9. Nd6+ Kf8 10. Ng5 Kg8 11. Qf3 Nbc6 12. Bxf6 Qf8 13. Ngf7 Ba6 14. Rd1 h6 15. Bxg7 Qxg7 16. Nxh8 Qxb2 17. Rd2 Qb1+ 18. Qd1 Qxd1+ 19. Rxd1 Kxh8 20. f4 Rf8 21. g3 e5 22. Bg2 exf4 23. 0-0 g5 24. Nb5 Bxb5 25. cxb5 Ne5 26. gxf4 gxf4 27. Bh3 N7g6 28. Rd5 Rf7 29. Rfd1 Nh4 30. Bxd7 Rg7+ 31. Kf1 Nc4 32. R1d3 Ne3+ 33. Rxe3 fxe3 34. Ke2 Ng2 35. Rf5 Rxd7 36. Rf3 Rd2+ 37. Kf1 e2+ 38. Kxg2 e1Q+ 0-1

[Event "Llinars del Valles op-B 9th"]
[Site "Llinars del Valles"]
[Date "2015.06.13"]
[Round "9"]
[White "Lazaro Valls, Xavier"]
[Black "Herrera Galera, Gerard"]
[Result "1/2-1/2"]
[WhiteElo "1811"]
[BlackElo "1934"]
[PlyCount "27"]
[EventDate "2015.04.11"]
[EventType "swiss"]
[EventRounds "9"]
[EventCountry "ESP"]
[SourceTitle "EXT 2018"]
[Source "ChessBase"]
[SourceDate "2017.10.13"]
[SourceVersion "1"]
[SourceVersionDate "2017.10.13"]
[SourceQuality "1"]

1. e4 c5 2. Nf3 Nc6 3. c3 d6 4. Bc4 Nf6 5. d3 Bg4 6. Qb3 e6 7. Qxb7 Qc8 8. Ba6 Ne7 9. Bb5+ Kd8 10. Qxc8+ Rxc8 11. Ng5 Bh5 12. Be3 Rb8 13. c4 Ng6 14. Nxf7+ 1/2-1/2

[Event "Roncana op-B 8th"]
[Site "Santa Eulalia de Roncana"]
[Date "2014.11.08"]
[Round "4"]
[White "Mas Riera, Pere"]
[Black "Lazaro Valls, Xavier"]
[Result "0-1"]
[WhiteElo "1735"]
[BlackElo "1700"]
[PlyCount "64"]
[EventDate "2014.10.11"]
[EventType "swiss"]
[EventRounds "8"]
[EventCountry "ESP"]
[SourceTitle "EXT 2016"]
[Source "ChessBase"]
[SourceDate "2015.10.08"]
[SourceVersion "1"]
[SourceVersionDate "2015.10.08"]
[SourceQuality "1"]

1. d4 d5 2. e3 Nf6 3. Nd2 g6 4. c4 Bg7 5. Ngf3 0-0 6. Qb3 c6 7. Be2 Re8 8. 0-0 a5 9. Ne5 Nbd7 10. Ndf3 Nxe5 11. Nxe5 Nd7 12. f4 Nxe5 13. fxe5 a4 14. Qc2 Be6 15. Bd2 Qb6 16. a3 c5 17. Bc3 dxc4 18. dxc5 Qxc5 19. Bd4 Qc7 20. Rac1 Bxe5 21. Bxe5 Qxe5 22. Qd2 Red8 23. Qc3 Qc5 24. Kh1 b5 25. Rf2 Rd6 26. Rcf1 h5 27. Rf3 Rad8 28. Rg3 Rd2 29. Bf3 h4 30. Rxg6+ fxg6 31. Bg4 Bxg4 32. Rf8+ Rxf8 0-1